Comparative media law and ethics (Registro nro. 184564)

Detalles MARC
000 -ENCABEZADO
Número de control [NR] 01362cam a2200241Ia 4500
005 - FECHA Y HORA DE LA ÚLTIMA TRANSACCIÓN
control field 20140903175026.0
008 - DE LONGITUD FIJA DE DATOS DE ELEMENTOS - INFORMACIÓN GENERAL
Elementos de longitud fija [NR] 100707s2010 enka frado 001 0 eng d
020 ## - NUMERO INTERNACIONAL NORMALIZADO PARA LIBROS [R]
Número Internacional Normalizado del libro [NR] 9780415551618
040 ## - FUENTE DE CATALOGACION [NR]
Agencia de catalogación original [NR] Co-BoUCM
Idioma de catalogación [NR] spa
Quien Cataloga
Quien Clasifica Aldemar Mondragón
041 0# - CODIGO DE IDIOMA [R]
Código de idioma para texto/pista de sonido o título separado [R] Inglés
100 1# - ASIENTO PRINCIPAL--NOMBRE PERSONAL [NR]
Nombre personal [NR] Crook, Tim
Fechas asociadas con el nombre [NR] 1959-
ID Autoridad 55810
245 10 - MENCION DE TITULO [NR]
Título [NR] Comparative media law and ethics
Mención de responsabilidad, etc. [NR] Tim Crook
260 ## - PUBLICACION, DISTRIBUCION, ETC. (PIE DE IMPRENTA) [R]
Lugar de publicación, distribución, etc. [R] Abingdon (Reino Unido)
Nombre del editor, distribuidor, etc. [R] Routledge
Fecha de publicación, distribución, etc. [R] 2010
300 ## - DESCRIPCION FISICA [R]
Extensión [R] xiv, 481 páginas
Otros detalles físicos [NR] ilustraciones, gráficas y fotos
504 ## - NOTA DE BIBLIOGRAFIA, ETC. [R]
Nota de bibliografía, etc. [NR] Incluye referencias bibliográficas e índices
505 0# - NOTA DE CONTENIDO CON FORMATO PREESTABLECIDO [R]
Nota de contenido con formato preestablecido [NR] Primary media law of the UK and USA -- Media jurisprudence, media ethicology, and media ethicism -- Defamation law -- Contempt/protecting fair trial law -- Privacy law in depth -- Media regulation -- State and national security law -- Media law and ethics : 4 genres of jurisdictions -- The legal problematizing of journalism -- Human rights and international law for journalists -- Racial and religious hatred -- Copyright and intellectual property law-- Freedom of information legislation.
650 #7 - ASIENTO SECUNDARIO DE MATERIA - TERMINO TEMATICO [R]
Término temático o nombre geográfico como elemento de entrada [NR] Comunicaciones
Subdivisión general [R] Legislación
9 (RLIN) 33226
650 #7 - ASIENTO SECUNDARIO DE MATERIA - TERMINO TEMATICO [R]
Término temático o nombre geográfico como elemento de entrada [NR] Medios de comunicación de masas
Subdivisión general [R] Legislación
9 (RLIN) 55811
650 #7 - ASIENTO SECUNDARIO DE MATERIA - TERMINO TEMATICO [R]
Término temático o nombre geográfico como elemento de entrada [NR] Periodismo
Subdivisión general [R] Legislación
9 (RLIN) 55813
690 ## - ASUNTO AGREGADO LOCAL DE ENTRADA - TÉRMINO TEMÁTICO (OCLC, RLIN)
9 (RLIN) 42767
Acceso temático local Derecho comercial
942 ## - ELEMENTOS DE ENTRADA AGREGADOS (KOHA)
Tema principal Derecho
Tipo de ítem principal el descrito en 300a Libro
Edición 1
Parte restante de la signatura top. C948c
Sistema de clasificación DEWEY
Clasificación 343.099
Existencias
Signatura topográfica Código de barras Última vez visto Ejemplar Costo de reposición Price effective from Tipo de ítem Perdido Sistema de clasificación Dañado No prestable Tipo de ítem específico Suprimido Ubicación habitual Ubicación actual Localización Fecha de creación Proveedor Forma de adquisición Costo
343.099 C948c 100140133 06/06/2024 Ej.1 107900.00 15/01/2014 Libro   DEWEY     Libro   Bodega Bodega 3er piso 15/01/2014 15 Compra 107900.00